Open Data Biblioteca Nacional de Portugal


República Portuguesa: Ministério da Cultura
Biblioteca Nacional de Portugal

Catálogo da BNP: acesso por Identificadores Unívocos
Registos Bibliográficos associados ao registo de autoridade

Etiqueta de registo: 00604ndm 2200205 450
001 1306680
003 http://id.bnportugal.gov.pt/bib/catbnp/1306680
100 ## $a20041203d1819 k y0pory0103 ba
101 0# $apor
102 ## $aPT
200 1# $aRegras gerais para acompanhar$bMúsica manuscrita ]$f[David Perez]$cRegras de acompanhar$fde Romão Maza
210 #1 $d1819
215 ## $aPartitura [30 p.]$d233x325 mm
300 ## $aProveniente do Convento da Estrela
300 ## $aA data é a da oferta
304 ## $aSó a p. de título, o 2º fólio e o último correspondem à obra de Perez. A obra de Mazza começa na p. 4 e seguintes
307 ## $aErro de ordenação dos cadernos, faltam as p. do acompanhamento recitativo ("recitado") e do acompanhamento das fugas
307 ## $aVestígios de bibliófagos
500 10 $aRegras de acompanhar
606 ## $aMúsica$x[Manuais de ensino]$2SIPOR$311306
606 ## $aMúsica para cravo$j[Música impressa]$2SIPOR$31158086
675 ## $a781(07)$vBN$zpor$3289714
675 ## $a781.6$vBN$zpor$3360422
675 ## $a786.1$vBN$zpor$3519090
675 ## $a78.089.6$vBN$zpor$3536969
700 #1 $aMazza,$bRomão,$f1719-1747$31173913
702 #1 $aPerez,$bDavid,$f1711-1778$4070$3108776
801 #0 $aPT$bBN$gRPC
966 ## $lBN$mMUSICA$sM.M. 2043$x6
997 ## $aBIBEOD

Etiqueta de registo: 00269ndm 2200145 450
001 1381846
003 http://id.bnportugal.gov.pt/bib/catbnp/1381846
100 ## $a20061002f17701800k y0pory01030103ba
101 0# $apor
102 ## $aPT
106 ## $ah
200 1# $aRegras para acompanhar a Cravo$bMúsica manuscrita]
210 #1 $d[Entre 1770 e 1800]
215 ## $aPartituras (108 p.)$d23 x 32 cm
304 ## $aAutor: Romão Mazza, atrib. com base em PTBN MM 4836
317 ## $aConservatório Nacional ; Pert.: "F. Xavier C. Migone"
327 1# $aParte teórica$a30 exercícios em diversas tonalidades$aUm conjunto de exercícios com diversas finalidades: 'Com duas teymas, ou tenções, na forma moderna'; 'Com entradas das vozes em fuga', etc
540 1# $aRegras de acompanhar
606 ## $aMúsica$x[Manuais de ensino]$2SIPOR$311306
606 ## $aMúsica para cravo$j[Música manuscrita]$2SIPOR$31185722
675 ## $a781(07)$vBN$zpor$3289714
675 ## $a781.6$vBN$zpor$3360422
675 ## $a786.1$vBN$zpor$3519090
675 ## $a78.089.6$vBN$zpor$3536969
700 #1 $aMazza,$bRomão,$f1719-1747$31173913
702 #1 $aMigoni,$bFrancisco Xavier,$f1811-1861$4390$3100111
712 01 $aPortugal.$bConservatório Nacional.$bEscola de Música$4390$31172174
801 #0 $aPT$bBN$gRPC
966 ## $lBN$mMUSICA$sC.N. 210 $x6
997 ## $aBIBEOD

Etiqueta de registo: 00269ndm 2200145 450
001 2122810
003 http://id.bnportugal.gov.pt/bib/catbnp/2122810
100 ## $a20230207f17301800k y0pory01030103ba
101 0# $apor
102 ## $aPT
106 ## $ah
200 1# $aRegras de acompanhar$bMúsica manuscrita]$fautor Roman Massa
210 #1 $d[Entre 1730 e 1780]
215 ## $a53 f.$d22 x 31 cm
317 ## $aColeção Cremilde e Gerhard Doderer
606 ## $aMúsica$x[Manuais de ensino]$2SIPOR$311306
675 ## $a781(07)$vBN$zpor$3289714
700 #1 $aMazza,$bRomão,$f1719-1747$31173913
801 #0 $aPT$bBN$gRPC
966 ## $lBN$mMUSICA$sDOD.MS. 11$x3
971 ## $cssequeira$d20230207

Etiqueta de registo: 01268ndm 2200313 450
001 1233544
003 http://id.bnportugal.gov.pt/bib/catbnp/1233544
100 ## $a20040310f17901810k y0pory0103 ba
101 0# $apor
102 ## $aPT
106 ## $ah
200 1# $aSolfejos de acompanhar$bMúsica manuscrita$fpor Carlo Contumacci
210 #1 $d[Entre 1790 e 1810]
215 ## $a53 f.$d23 x 32 cm
304 ## $aA obra está erradamente atribuída a Contumaci, o que se comprava após comparação com o impresso mencionado, o autor é Romão Mazza, de acordo com o manuscrito com a cota M.M. 4836
317 ## $aPert.: "De Ernesto Vieira 301bis-1332"
330 ## $aExercícios ou 'Lições' de baixo cifrado
500 11 $aPartimentos,$rtecla
517 1# $aPartimenti
518 1# $aSolfejos de acompanhar
606 ## $aMúsica$x[Manuais de ensino]$2SIPOR$311306
606 ## $aInstrumentos de tecla$xExecução$2SIPOR$3818724
675 ## $a78.087.5$vBN$zpor$3461636
675 ## $a781(07)$vBN$zpor$3289714
700 #1 $aMazza,$bRomão,$f1719-1747$31173913
702 #1 $aVieira,$bErnesto,$f1848-1915$4390$354604
801 #0 $aPT$bBN$gRPC
856 40 $uhttps://purl.pt/50884
856 41 $uhttps://purl.pt/50884/service/media/cover/low
856 49 $uhttps://purl.pt/50884/service/media/pdf$qapplication/pdf
958 ## $aBND$bLivre$cDigitalizado$d1$ehttps://purl.pt/50884/service/media/cover/max
966 ## $lBN$mMUSICA$sM.M. 108 $x7
976 ## $d20260508$rssequeira
995 ## $aPRR2022 $d20231115$idfontes$zBND

Etiqueta de registo: 01473ndm 2200325 450
001 1233539
003 http://id.bnportugal.gov.pt/bib/catbnp/1233539
100 ## $a20040310d1826 k y0pory0103 ba
101 0# $apor
102 ## $aPT
106 ## $ah
200 1# $aSolfeijos de Acompanhar$bMúsica manuscrita]$fDo Sn.r Carlos Contumaci
210 #1 $d13-5-1826
215 ## $a93 [1] p.$d22 x 30 cm
304 ## $aA obra está erradamente atribuída a Contumaci, o que se comprava após comparação com o impresso mencionado, o autor é Romão Mazza, de acordo com o manuscrito com a cota M.M. 4836
307 ## $aEncadernado, pastas de cartão forradas a pergaminho, lombada e cantos em pele castanha, rótulo em pele vermelha na capa, com o nome do possuidor, J.T. da Silva, a ouro; encadernação em mau estado
307 ## $a1º fólio solto
317 ## $aPosse: José Teodoro da Silva
317 ## $aPert.: "De Ernesto Vieira 301-82"
330 ## $aExercícios ou 'Lições' de baixo cifrado
500 11 $aPartimentos,$rtecla
517 1# $aPartimenti
518 1# $aSolfejos de acompanhar
606 ## $aMúsica$x[Manuais de ensino]$2SIPOR$311306
606 ## $aInstrumentos de tecla$xExecução$2SIPOR$3818724
675 ## $a78.087.5$vBN$zpor$3461636
675 ## $a781(07)$vBN$zpor$3289714
700 #1 $aMazza,$bRomão,$f1719-1747$31173913
702 #1 $aSilva,$bJosé Teodoro Higino da,$f1808-1873$4390$382707
702 #1 $aVieira,$bErnesto,$f1848-1915$4390$354604
801 #0 $aPT$bBN$gRPC
856 40 $uhttps://purl.pt/50889
856 41 $uhttps://purl.pt/50889/service/media/cover/low
856 49 $uhttps://purl.pt/50889/service/media/pdf$qapplication/pdf
958 ## $aBND$bLivre$cDigitalizado$d1$ehttps://purl.pt/50889/service/media/cover/max
966 ## $lBN$mMUSICA$sM.M. 106 $x7
976 ## $d20260508$rssequeira
995 ## $aPRR2022 $d20231115$idfontes$zBND

Etiqueta de registo: 00936ndm 2200253 450
001 1287878
003 http://id.bnportugal.gov.pt/bib/catbnp/1287878
100 ## $a20040720f17401747k y0pory0103 ba
101 0# $apor
102 ## $aPT
106 ## $ah
200 1# $aRegras$bMúsica manuscrita$fde Romão Mazza, pª acompanhar a Cravo
210 #1 $d[Entre 1740 e 1747]
215 ## $a34 f.$d24 x 33 cm$edois excertos da obra
307 ## $aEncadernado em pergaminho
330 ## $aExercícios ou 'Lições' de baixo cifrado
500 11 $aPartimentos,$rtecla
517 1# $aPartimenti
518 1# $aSolfejos de acompanhar
606 ## $aMúsica$x[Manuais de ensino]$2SIPOR$311306
606 ## $aInstrumentos de tecla$xExecução$2SIPOR$3818724
675 ## $a78.087.5$vBN$zpor$3461636
675 ## $a781(07)$vBN$zpor$3289714
700 #1 $aMazza,$bRomão,$f1719-1747$31173913
801 #0 $aPT$bBN$gRPC
856 40 $uhttps://purl.pt/29186
856 41 $uhttps://purl.pt/29186/service/media/cover/low
856 49 $uhttps://purl.pt/29186/service/media/pdf$qapplication/pdf
958 ## $aBND$bLivre$cDigitalizado$d1$ehttps://purl.pt/29186/service/media/cover/max
966 ## $lBN$mMUSICA$sM.M. 4836$x6

OpendataBNP@bnportugal.pt | Mais informação sobre acesso aos dados BNP